000 00551nam a22001817a 4500
003 OSt
005 20140310182211.0
008 130906t xxu||||| |||| 00| 0 eng d
020 _a086417327
050 _aTT 820
_b.C614 [ca.1990]
082 _aHS 746.432
_bC56 199
245 _aClassic collection of knitting :
_bbeautiful designs for babies, toddlers and children /
260 _aNai Sarak, Delhi :
_bArora Book Company,
_cc199-
300 _a46 p. :
_bcol. ill. ;
_c25 cm.
650 _aKnitting.
_916756
942 _2lcc
_cHS
999 _c10461
_d10461